Statistics for NBA Top 10 Frontcourt Defenders All-Time

Click here to take the quiz!

General Stats

  • This quiz has been taken 53 times
  • The average score is 7 of 10

Answer Stats

Answer % Correct
Hakeem Olajuwon
98%
Bill Russell
89%
Dikembe Mutombo
82%
Tim Duncan
77%
Dennis Rodman
75%
Ben Wallace
70%
David Robinson
70%
Kevin Garnett
66%
Dwight Howard
55%
Alonzo Mourning
50%

Score Distribution

Percentile by Number Answered

Percent of People with Each Score

Your Score History

You have not taken this quiz